03 - Né(es) un 3 janvier. - Statistiques

Statistiques générales
  • Ce quiz a été pris 22 fois
  • Le résultat moyen est 5 sur 17
Statistiques - réponses
Hint Réponse % Correct
Pilote automobile allemand sept fois champion du monde. 1969 Michael Schumacher
79%
Militante écologiste suédoise engagée dans la lutte contre le réchauffement climatique. 2003 Greta Thunberg
74%
Réalisateur italien connu pour "Pour une poignée de dollars" (1964), "Et pour quelques dollars de plus" (1965), "Le Bon, la Brute et le Truand" (1966), "Il était une fois dans l'Ouest" (1968), "Il était une fois la révolution" (1971). 1929 Sergio Leone
63%
Acteur américain vu dans "Mad Max", "L'Arme fatale", "Braveheart","Ce que veulent les femmes". 1956 Mel Gibson
53%
Son nom est lié à la promotion du sacrifice personnel et de l'émulation entre travailleurs pour le bien du Parti (URSS). 1906 Alekseï Grigorievitch Stakhanov
37%
Auteur belge. Créateur du personnage du "Marsupilami". Cconnu pour les séries "Spirou et Fantasio", "Gaston", "Modeste et Pompon" et "les Idées noires". 1924 André Franquin
37%
Ministre de l'intérieur de 2018 à 2020. 1966 Christophe Castaner
37%
Homme d'Etat romain célèbre pour ses discours et plaidoiries. Assassiné en -43 av J.C. -106 av J.C. Circéron|Marcus Tullius Cicero
37%
Premier ministre travailliste du Royaume-Uni de 1945 à 1951. 1883 Clement Richard Attlee
32%
Philosophe. Ministre de la Jeunesse, de l’Éducation nationale et de la Recherche de 2002 à 2004. 1951 Luc Ferry
21%
Co-scénariste de "La Grande Vadrouille", "Le Cerveau". Deux films de son père, Gérard Oury. 1942 Danièle Thompson|Danièle Claude Renée Tannenbaum
16%
Miss France 2012. 1992 Delphine Wespiser
16%
Président de la république du Viêt Nam de 1955 à 1963. 1901 Jean-Baptiste Ngô Đình Diệm|Jean-Baptiste Ngo Dình Diem
11%
Réalisateur américain connu pour "Fort Bravo", "Un homme est passé", "Règlements de comptes à O.K. Corral", "Les Sept Mercenaires", "La Grande Évasion". 1910 John Sturges
11%
Ecrivaine française. Auteure de "Truismes" et "Il faut beaucoup aimer les hommes". 1969 Marie Darrieussecq
11%
Ecrivain français auteur de Gilles en 1939. 1893 Pierre Eugène Drieu la Rochelle
5%
Secrétaire d’État chargé du Développement et de la Francophonie pendant cinq mois du le gouvernement Cazeneuve. 1953 Jean-Marie Le Guen
0%
Aucun quiz correspondant
Distribution des résultats
% des personnes avec chaque résultat
Percentile par nombre de réponses
Votre historique - résultats
Vous n’avez pas pris ce quiz